[Event "Endspiele 09/2023, Nr.1"]
[Site "Endspiele 09/2023, Nr.1"]
[Date "2023.07.14"]
[Round "4.4"]
[White "So, Wesley"]
[Black "Carlsen, Magnus"]
[Result "0-1"]
[WhiteElo "2769"]
[BlackElo "2835"]
[PlyCount "96"]
[EventDate "2023.??.??"]
[EventType "rapid"]

{[%evp 0,96,19,-12,-9,-9,0,-3,1,13,9,9,17,20,19,-20,28,25,30,19,13,22,38,27,13,0,0,-43,-18,-4,0,0,32,-3,29,-19,26,-8,3,0,3,-26,0,4,18,4,3,-23,-34,-4,-16,-24,0,0,-7,0,0,-31,-27,-51,-39,-33,-32,-71,-101,-102,-105,-109,-108,-110,-96,-162,-168,-185,-189,-217,-206,-192,-231,-228,-250,-247,-212,-209,-228,-332,-353,-428,-482,-512,-585,-614,-654,-695,-721,-29997,-29998,-29999,-30000]} 1. c4 Nf6 2. Nf3 e6 3. Nc3 d5 4. e3 c5 5. d4 a6 6. cxd5 exd5 7. g3 c4 8. Bg2 Bb4 9. O-O O-O 10. Ne5 Re8 11. Bd2 Nc6 12. a3 Ba5 13. b4 cxb3 14. Nxc6 bxc6 15. Qxb3 h5 16. Qc2 h4 17. Rfc1 h3 18. Bh1 Bg4 19. Nb1 Bb6 20. Bb4 Ne4 (20... Ne4 21. f3 Qg5 22. Re1 (22. fxe4 Qxe3+ 23. Kf1 (23. Qf2 Qxc1+) 23... Bxd4) 22... Bxf3 23. Bxf3 Nxg3 24. hxg3 Qxg3+ 25. Kf1 Qxf3+ 26. Qf2 Qg4 27. Bd6 Bxd4 28. exd4 Qg2+ 29. Qxg2 hxg2+ 30. Kxg2 Rxe1) 21. Bxe4 Rxe4 22. Nd2 Re6 23. Qd3 Qf6 24. Qf1 (24. f3 Rxe3) 24... Ree8 25. Rab1 (25. f3 Rxe3 26. fxg4 Qxd4 27. Kh1 c5 28. Bc3 Rxc3 29. Nf3 Rxc1 30. Rxc1 Qxg4) 25... Reb8 26. Bc5 Ba5 27. Bb4 Bc7 28. Bc3 (28. Bc5 Qf5 29. Rxb8+ Rxb8 30. Rb1 Rb5 31. Qc1 Qd3 32. Rxb5 cxb5 33. Bb4 Qe2 34. Qxc7 Qd1+ 35. Nf1 Qf3 36. Qd8+ Kh7 37. Qh4+ Kg6) 28... a5 29. f3 Bf5 30. e4 Be6 31. e5 Qe7 32. Ra1 c5 (32... c5 33. dxc5 Qxc5+ 34. Qf2 Qxf2+ 35. Kxf2 Bb6+ 36. Ke2 d4) 33. Qf2 c4 34. g4 f6 (34... f6 35. Qh4 Qd8 36. f4 fxe5 37. Qxd8+ Bxd8 38. f5 Bg5 39. fxe6 Be3+ 40. Kf1 exd4) 35. Kh1 (35. exf6 Qxf6 36. Re1 Bf4 37. Rab1 Qg6) 35... fxe5 36. dxe5 Bb6 37. Bd4 Bxd4 38. Qxd4 Qa7 39. Qxa7 Rxa7 40. Rc2 d4 41. Nxc4 Rc8 42. Rac1 (42. Rd1 Rxc4 43. Rxc4 Bxc4 44. Rxd4 Be2) 42... d3 43. Rc3 Rxc4 44. Rxc4 Bxc4 45. Rxc4 d2 46. Rd4 Rc7 47. Rxd2 Rc1+ 48. Rd1 Rxd1# 0-1

[Event "34th Czech Open A 2023"]
[Site "Pardubice CZE"]
[Date "2023.07.21"]
[Round "1.6"]
[White "Abdrlauf, Elham"]
[Black "Raczek, Krzysztof"]
[Result "1-0"]
[WhiteElo "2522"]
[BlackElo "2158"]
[PlyCount "103"]
[EventDate "2023.07.21"]
[EventType "swiss"]
[EventRounds "9"]
[EventCountry "CZE"]
[SourceTitle "The Week in Chess 1498"]
[Source "Mark Crowther"]
[SourceDate "2023.07.24"]
[SourceVersion "2"]
[SourceVersionDate "2023.07.25"]
[SourceQuality "2"]

{[%evp 0,103,19,38,40,41,51,45,45,53,72,62,59,27,27,31,66,52,55,63,64,57,64,56,55,53,63,63,71,63,84,53,53,70,102,116,107,100,111,112,106,90,73,73,77,87,108,112,98,113,98,105,148,136,136,143,285,106,150,138,206,202,202,221,322,260,385,385,363,278,331,-60,-162,-162,-246,-246,-246,-247,-246,-269,-269,-288,933,872,926,930,950,950,950,922,922,839,839,944,1051,1051,1072,814,1232,1445,29987,936,2174,1006,1039,1616]} 1. e4 c5 2. Nf3 Nc6 3. Nc3 Nf6 4. Bb5 a6 5. Bxc6 dxc6 6. e5 Nd5 7. Ne4 b6 8. O-O g6 9. d4 cxd4 10. Bg5 (10. Bg5 f6 11. exf6 exf6 12. Re1 (12. Re1 fxg5 13. Qxd4 Rg8 14. Nf6+ Kf7 15. Nxg5+ Kg7 16. Ne8+ Kh6 17. Qh4#) (12. Re1 Kf7 13. Ne5+ Kg7 14. Bh6+ Kg8 (14... Kxh6 15. Nf7+) 15. Nxc6 Qd7 16. c4 Bxh6 (16... dxc3 17. Qxd5+ Qxd5 18. Nxf6+) 17. cxd5 Bg7 18. Qxd4 Kf7 19. Qxb6)) 10... Bg7 11. Nd6+ Kf8 12. Nxc8 Rxc8 13. Qxd4 b5 (13... c5 14. Qe4) 14. a4 h6 15. Bd2 c5 16. Qe4 e6 17. axb5 axb5 18. Ra5 Qe8 19. Rfa1 Kg8 20. h4 Bf8 21. h5 g5 22. Nh2 Be7 23. Ng4 Kg7 24. Ra7 Rc7 25. Nf6 (25. Nf6 Bxf6 26. exf6+ Kxf6 (26... Nxf6 27. Bc3 Rxa7 28. Rxa7 b4 29. Be5)) 25... Qd8 26. Nxd5 exd5 27. Qf5 Qc8 28. g4 Rf8 29. f4 c4 30. Rxc7 Qxc7 31. fxg5 Qc5+ 32. Kh2 d4 33. Ra6 c3 34. Rxh6 Rh8 35. g6 cxd2 36. g5 Qc4 37. Rxh8 fxg6 38. Qf3 Kxh8 39. hxg6 Kg7 40. Qh5 Kf8 41. Qh8+ Qg8 42. g7+ Kf7 43. e6+ Kxe6 44. Qxg8+ Kd7 45. Qf7 d1=Q 46. g8=Q Qe2+ 47. Kg3 Qe3+ 48. Qf3 Bd6+ 49. Kg4 Qg1+ 50. Kh5 Qh2+ 51. Kg6 Qxc2+ 52. Qf5+ 1-0

[Event "Biel GMT Classical, schlammassel"]
[Site "Biel"]
[Date "2023.07.24"]
[Round "5.2"]
[White "Navara, David"]
[Black "Keymer, Vincent"]
[Result "1/2-1/2"]
[WhiteElo "2689"]
[BlackElo "2690"]
[PlyCount "103"]
[EventDate "2023.??.??"]

{[%evp 0,103,30,28,28,28,28,36,36,9,-2,-1,15,1,12,12,14,-12,-7,-7,-4,-25,-26,-8,-13,-45,-19,-53,7,-6,-6,-3,-7,-20,-14,-13,-5,-33,15,-24,29,30,13,12,50,56,56,58,57,48,44,33,33,-1,0,-118,-139,-97,-80,-94,-101,-115,-104,-107,-121,-147,-147,-143,-135,-123,-73,-73,-73,-113,-113,-100,-100,-111,-100,-114,0,-74,-74,-65,-66,-63,-57,-87,-3,0,0,0,0,0,0,0,0,0,0,0,0,0,0,0,0,0]} 1. e4 e5 2. Nf3 Nc6 3. Bb5 a6 4. Ba4 Nf6 5. O-O Be7 6. Re1 b5 7. Bb3 O-O 8. a4 b4 9. d3 d6 10. c3 Rb8 11. Nbd2 Na5 12. Ba2 c5 13. d4 cxd4 14. cxd4 Bb7 15. d5 Nd7 16. Nc4 Nxc4 17. Bxc4 Rc8 18. b3 Qa5 19. Be3 Bd8 20. Rc1 Bb6 21. Qd2 Nf6 22. Bxb6 Qxb6 23. Nh4 a5 24. Nf5 Qd8 25. Qg5 (25. f4) 25... g6 26. f4 exf4 27. e5 dxe5 28. d6 (28. Rxe5 Nxd5 29. Qxd8 Rfxd8 30. Ne7+ Nxe7 31. Rxe7 Bd5) 28... Nd7 29. Ne7+ Kg7 30. Rxe5 (30. Rxe5 f6 31. Nf5+ Kh8 32. Qh6 gxf5 33. Re7 Rf7 (33... Rf7 34. Bxf7 Rxc1+ 35. Kf2 Qb6+ 36. Ke2 f3+ 37. Kd2 Qxd6+) (33... Rf7 34. Rxf7 Qb6+ 35. Kf1 Bxg2+ 36. Kxg2 Rg8+ 37. Kh3 Qe3+)) 30... Nxe5 31. Qxe5+ f6 32. Qd4 Rc7 33. Re1 Rd7 34. Re6 Rf7 35. Qxf4 Ba6 36. Bxa6 (36. Bd5 Qb6+ 37. Kh1 Bb7 38. Bc4 Qc5 39. h4) 36... Qb6+ 37. Qe3 Qxa6 38. Kf2 Qb7 39. h4 h5 40. Qc5 Qa7 41. Qxa7 Rxa7 42. Ke3 Rf8 (42... Ra6 43. Kd4 Rxd6+ 44. Rxd6 Rxe7 45. Rd5 Re2 46. Rxa5 Rxg2 47. Rb5 g5 48. hxg5 fxg5 49. a5 h4 50. a6 Ra2 51. Rxg5+ Kh6 52. Rg8 Rxa6 53. Kc5) 43. Kd4 Kf7 44. Kd5 Re8 45. Nc6 Rxe6 46. Nd8+ Ke8 47. Nxe6 g5 (47... g5 48. hxg5 fxg5 49. Nc5 (49. Nxg5 Rg7) 49... h4) 48. Kc6 (48. hxg5 fxg5 49. Kc6 g4 50. Nc7+ Kd8 51. Ne6+ Kc8 52. Nc5 h4 53. d7+ Rxd7 54. Nxd7 h3 55. gxh3 gxh3) 48... gxh4 49. Nc7+ Kd8 (49... Kf7 50. Kb6 f5 51. Kxa7 f4 52. d7 Ke7 53. Nd5+ Kxd7 54. Nxf4) 50. Ne6+ (50. Kb6 Rxc7 51. dxc7+ Kc8 52. Kxa5 Kxc7 (52... f5 53. Kb6 f4 54. a5 f3 55. gxf3 h3 56. a6 h2 57. a7 h1=Q 58. a8=Q+ Kd7 59. c8=Q+) 53. Kxb4 f5 54. Kc4 f4 55. Kd4 f3 56. Ke3 fxg2 57. Kf2 h3 58. b4) 50... Ke8 (50... Kc8 51. Nc5 Ra8 52. d7+ Kd8 53. Kd6) 51. Nc7+ Kd8 52. Ne6+ 1/2-1/2